|
|
|
|
| LEADER |
03129nam a22006735i 4500 |
| 001 |
978-3-642-25191-7 |
| 003 |
DE-He213 |
| 005 |
20151029221504.0 |
| 007 |
cr nn 008mamaa |
| 008 |
111103s2011 gw | s |||| 0|eng d |
| 020 |
|
|
|a 9783642251917
|9 978-3-642-25191-7
|
| 024 |
7 |
|
|a 10.1007/978-3-642-25191-7
|2 doi
|
| 040 |
|
|
|d GrThAP
|
| 050 |
|
4 |
|a TA1637-1638
|
| 050 |
|
4 |
|a TA1634
|
| 072 |
|
7 |
|a UYT
|2 bicssc
|
| 072 |
|
7 |
|a UYQV
|2 bicssc
|
| 072 |
|
7 |
|a COM012000
|2 bisacsh
|
| 072 |
|
7 |
|a COM016000
|2 bisacsh
|
| 082 |
0 |
4 |
|a 006.6
|2 23
|
| 082 |
0 |
4 |
|a 006.37
|2 23
|
| 245 |
1 |
0 |
|a Visual Informatics: Sustaining Research and Innovations
|h [electronic resource] :
|b Second International Visual Informatics Conference, IVIC 2011, Selangor, Malaysia, November 9-11, 2011, Proceedings, Part I /
|c edited by Halimah Badioze Zaman, Peter Robinson, Maria Petrou, Patrick Olivier, Timothy K. Shih, Sergio Velastin, Ingela Nyström.
|
| 264 |
|
1 |
|a Berlin, Heidelberg :
|b Springer Berlin Heidelberg,
|c 2011.
|
| 300 |
|
|
|a XX, 371 p.
|b online resource.
|
| 336 |
|
|
|a text
|b txt
|2 rdacontent
|
| 337 |
|
|
|a computer
|b c
|2 rdamedia
|
| 338 |
|
|
|a online resource
|b cr
|2 rdacarrier
|
| 347 |
|
|
|a text file
|b PDF
|2 rda
|
| 490 |
1 |
|
|a Lecture Notes in Computer Science,
|x 0302-9743 ;
|v 7066
|
| 520 |
|
|
|a The two-volume set LNCS 7066 and LNCS 7067 constitutes the proceedings of the Second International Visual Informatics Conference, IVIC 2011, held in Selangor, Malaysia, during November 9-11, 2011. The 71 revised papers presented were carefully reviewed and selected for inclusion in these proceedings. They are organized in topical sections named computer vision and simulation; virtual image processing and engineering; visual computing; and visualisation and social computing. In addition the first volume contains two keynote speeches in full paper length, and one keynote abstract.
|
| 650 |
|
0 |
|a Computer science.
|
| 650 |
|
0 |
|a Algorithms.
|
| 650 |
|
0 |
|a User interfaces (Computer systems).
|
| 650 |
|
0 |
|a Artificial intelligence.
|
| 650 |
|
0 |
|a Computer graphics.
|
| 650 |
|
0 |
|a Image processing.
|
| 650 |
|
0 |
|a Pattern recognition.
|
| 650 |
1 |
4 |
|a Computer Science.
|
| 650 |
2 |
4 |
|a Image Processing and Computer Vision.
|
| 650 |
2 |
4 |
|a Pattern Recognition.
|
| 650 |
2 |
4 |
|a Computer Graphics.
|
| 650 |
2 |
4 |
|a Artificial Intelligence (incl. Robotics).
|
| 650 |
2 |
4 |
|a Algorithm Analysis and Problem Complexity.
|
| 650 |
2 |
4 |
|a User Interfaces and Human Computer Interaction.
|
| 700 |
1 |
|
|a Badioze Zaman, Halimah.
|e editor.
|
| 700 |
1 |
|
|a Robinson, Peter.
|e editor.
|
| 700 |
1 |
|
|a Petrou, Maria.
|e editor.
|
| 700 |
1 |
|
|a Olivier, Patrick.
|e editor.
|
| 700 |
1 |
|
|a Shih, Timothy K.
|e editor.
|
| 700 |
1 |
|
|a Velastin, Sergio.
|e editor.
|
| 700 |
1 |
|
|a Nyström, Ingela.
|e editor.
|
| 710 |
2 |
|
|a SpringerLink (Online service)
|
| 773 |
0 |
|
|t Springer eBooks
|
| 776 |
0 |
8 |
|i Printed edition:
|z 9783642251900
|
| 830 |
|
0 |
|a Lecture Notes in Computer Science,
|x 0302-9743 ;
|v 7066
|
| 856 |
4 |
0 |
|u http://dx.doi.org/10.1007/978-3-642-25191-7
|z Full Text via HEAL-Link
|
| 912 |
|
|
|a ZDB-2-SCS
|
| 912 |
|
|
|a ZDB-2-LNC
|
| 950 |
|
|
|a Computer Science (Springer-11645)
|